Správa o poľnohospodárstve a potravinárstve v Slovenskej republike za rok 2013 (Zelená správa)

Salvato in:
Dettagli Bibliografici
Ente Autore: Ministerstvo pôdohospodárstva a rozvoja vidieka Slovenskej republiky
Natura: Libro
Lingua:slovacco
Pubblicazione: Bratislava Národné poľnohospodárske a potravinárske centrum - VÚEPP 2014
Soggetti:
Tags: Aggiungi Tag
Nessun Tag, puoi essere il primo ad aggiungerne!!

MARC

LEADER 00000nam a2200000 4500
001 0198250
005 20240318125858.0
020 |a 978-80-8058-597-6 
041 0 |a slo 
044 |a SK 
245 1 0 |a Správa o poľnohospodárstve a potravinárstve v Slovenskej republike za rok 2013  |b (Zelená správa) 
264 1 |a Bratislava  |b Národné poľnohospodárske a potravinárske centrum - VÚEPP  |c 2014 
300 |a 63 s. 
610 2 0 |a politika poľnohospodárska 
610 2 0 |a pôdohospodárstvo 
610 2 0 |a potravinárstvo 
610 2 0 |a výkonnosť 
610 2 0 |a ukazovatele ekonomické 
610 2 0 |a pôda 
610 2 0 |a vlastníctvo 
610 2 0 |a agropotravinárstvo 
610 2 0 |a trh 
610 2 0 |a výroba rastlinná 
610 2 0 |a výroba živočíšna 
610 2 0 |a mzdy 
610 2 0 |a ceny 
610 2 0 |a kvalita ovzdušia 
610 2 0 |a kvalita vody 
610 2 0 |a rozvoj vidieka 
610 2 0 |a obchod zahraničný 
610 2 0 |a rozpočty 
610 2 0 |a výdavky 
610 2 0 |a koncepcie 
610 2 0 |a Slovensko 
610 2 0 |a Európska únia 
710 2 |a Ministerstvo pôdohospodárstva a rozvoja vidieka Slovenskej republiky